| 000 | 01803cam a2200445 i 4500 | ||
|---|---|---|---|
| 001 | 1050771 | ||
| 003 | OSt | ||
| 005 | 20250116152249.0 | ||
| 008 | 101122t20112011nyu e 000 1 eng | ||
| 010 | _a 2010048029 | ||
| 020 | _a9780399157356 (hbk.) | ||
| 020 | _a0399157352 (hbk.) | ||
| 020 |
_a9780425246917 (pbk.) _c$9.99 |
||
| 020 |
_a0425246914 (pbk.) _c$9.99 |
||
| 035 | _a(OCoLC)666239854 | ||
| 040 |
_aDLC _erda _cDLC _dIG# _dBTCTA _dUPZ _dIEB _dAA5 _dYDXCP _dVP@ _dUtOrBLW |
||
| 049 | _aIFAA | ||
| 100 | 1 |
_aBox, C. J., _eauthor. |
|
| 245 | 1 | 0 |
_aCold wind / _cC. J. Box. |
| 264 | 1 |
_aNew York : _bG. P. Putnam's Sons, _c[2011] |
|
| 264 | 4 | _c♭2011 | |
| 300 |
_a388 pages ; _c24 cm. |
||
| 336 |
_atext _btxt _2rdacontent |
||
| 337 |
_aunmediated _bn _2rdamedia |
||
| 338 |
_avolume _bnc _2rdacarrier |
||
| 490 | 1 | _aJoe Pickett novel | |
| 520 | _aWhen Earl Alden is found dead, dangling from a wind turbine, it's his wife, Missy, who is arrested. Unfortunately for Joe Pickett, Missy is his mother-in- law, a woman he dislikes heartily, and now he doesn't know what to do --especially when the early signs point to her being guilty as sin. But then things happen to make Joe wonder: Is Earl's death what it appears to be? Is Missy being set up? | ||
| 650 | 0 |
_aPickett, Joe (Fictitious character) _vFiction. |
|
| 650 | 0 |
_aGame wardens _vFiction. |
|
| 650 | 0 |
_aMothers-in-law _vFiction. |
|
| 650 | 0 |
_aMurder _xInvestigation _vFiction. |
|
| 651 | 0 |
_aWyoming _vFiction. |
|
| 655 | 7 |
_aDetective and mystery fiction. _2lcgft |
|
| 800 | 1 |
_aBox, C. J. _tJoe Pickett novel. |
|
| 902 | _aMARCIVE | ||
| 942 | _cBK | ||
| 999 |
_c30264 _d30262 |
||
| 999 | _bMYSTERY BOX | ||